Revista de Ciencias Económicas /
Wedi'i Gadw mewn:
| Awdur Corfforaethol: | |
|---|---|
| Fformat: | Llyfr |
| Iaith: | Spanish |
| Cyhoeddwyd: |
San José, Costa Rica :
Universidad de Costa Rica. Facultad de Ciencias Económicas. Instituto de Investigaciones en Ciencias Económicas; Colegio de Licenciados en Ciencias Económicas y Sociales
|
| Pynciau: | |
| Tagiau: |
Ychwanegu Tag
Dim Tagiau, Byddwch y cyntaf i dagio'r cofnod hwn!
|
MARC
| LEADER | 00000nam a22000007a 4500 | ||
|---|---|---|---|
| 003 | cru CIDCACS/IIS | ||
| 005 | 20200925161322.0 | ||
| 007 | ta | ||
| 008 | 170331| cr ||||| |||| 00| 0 spa d | ||
| 999 | |c 19111 |d 19111 | ||
| 022 | |a 02529521 | ||
| 040 | |c CRAI/IIS |a CRAI/IIS | ||
| 090 | |a REV0179 | ||
| 110 | 1 | |9 3824 |a Universidad de Costa Rica. Facultad de Ciencias Económicas. Instituto de Investigaciones en Ciencias Económicas | |
| 245 | 1 | |a Revista de Ciencias Económicas / |c Universidad de Costa Rica. Facultad de Ciencias Económicas. Instituto de Investigaciones en Ciencias Económicas; Colegio de Licenciados en Ciencias Económicas y Sociales | |
| 260 | |a San José, Costa Rica : |b Universidad de Costa Rica. Facultad de Ciencias Económicas. Instituto de Investigaciones en Ciencias Económicas; |b Colegio de Licenciados en Ciencias Económicas y Sociales | ||
| 270 | |a Ciudad Universitaria Rodrigo Facio |e 2060 | ||
| 310 | |a Bimensual | ||
| 500 | |a EXISTENCIAS :1981-1993 1-13 (1-2) 1994 14 (1-2 1995 15 (1-2) 1996-1997 (1-2) 1998 18 (1-2) 1999 19 (1-2) 2000 20 (1-2) 2002 22 (1-2) 2003 23 (1-2) 2004 24 (1-2) 2007 25(1) | ||
| 650 | 1 | 0 | |9 2142 |a DESARROLLO ECONOMICO |
| 650 | 1 | 0 | |9 2434 |a SALARIOS |
| 650 | 4 | |9 2655 |a POLITICA ECONOMICA | |
| 650 | 1 | 0 | |9 3589 |a ESTABILIZACIÓN DE PRECIOS |
| 650 | 1 | 0 | |9 583 |a BUROCRACIA |
| 650 | 4 | |9 4365 |a OFERTA Y DEMANDA | |
| 650 | 1 | 0 | |9 3090 |a DEUDA PÚBLICA |
| 650 | 4 | |9 1839 |a DEUDA EXTERNA | |
| 650 | 4 | |9 1935 |a RECESION ECONOMICA | |
| 651 | 1 | 0 | |9 32 |a COSTA RICA |
| 942 | |2 ddc |c PP | ||
